[Event "Titled Tuesday intern op 2nd April"]
[Site "Chess.com INT"]
[Date "2019.04.02"]
[Round "4"]
[White "Stivje, Theo"]
[Black "Ollier, Pablo"]
[Result "1-0"]
[WhiteElo "2312"]
[BlackElo "2369"]
[PlyCount "103"]
[EventDate "2019.04.02"]
[EventType "swiss (blitz)"]
[EventRounds "10"]
[EventCountry "USA"]
[SourceTitle "EXT 2021"]
[Source "ChessBase"]
[SourceDate "2020.10.23"]
[SourceVersion "1"]
[SourceVersionDate "2020.10.23"]
[SourceQuality "1"]

1. e4 e5 2. Nf3 Nc6 3. Bb5 a6 4. Ba4 d6 5. 0-0 Bg4 6. h3 h5 7. Bxc6+ bxc6 8. d4 Bxf3 9. Qxf3 exd4 10. Re1 Be7 11. e5 Qd7 12. Bf4 g5 13. exd6 cxd6 14. Bxg5 0-0-0 15. Bf4 Nf6 16. Na3 d5 17. Qb3 Bd6 18. Bxd6 Qxd6 19. Qb6 c5 20. Qa7 Rhg8 21. Re7 Rd7 22. Qa8+ Kc7 23. Rxd7+ Kxd7 24. Qb7+ Ke8 25. Re1+ Kf8 26. Qc8+ Kg7 27. Qf5 Kh6 28. Nb1 Rg5 29. Qc8 Rg8 30. Qf5 Rg5 31. Qf3 Kg7 32. Nd2 h4 33. c3 dxc3 34. Qxc3 d4 35. Qf3 Qd5 36. Qxd5 Nxd5 37. Ne4 Re5 38. Kf1 c4 39. Nd6 Rxe1+ 40. Kxe1 Nb6 41. Nf5+ Kf6 42. Nxd4 Ke5 43. Nf3+ Ke4 44. Nxh4 Kd3 45. Kd1 Na4 46. Kc1 a5 47. f4 f6 48. g4 Nxb2 49. Kxb2 Kd2 50. Nf3+ Kd3 51. g5 c3+ 52. Kc1 1-0